000 00926aam a2200313 i 4500
001 13536
003 CO-MdBIC
005 20210918083140.0
008 210918t2004 sp ||||| |||| 00| 0 eng d
020 _a84-8332-149-1
040 _bspa.
_aCO-MdFUSB
_cCO-MdFUSB
_dCO-MdFUSBC
_erda
041 _aspa
_agrc
082 0 4 _aR 483 P112d
100 1 _aPabón S. de Urbina, José M.
245 1 0 _aDiccionario Manual Griego : Griego Clásico-Español / José M. Pabón S. de Urbina
_c/
250 _a18
260 _aBarcelona : Vox
264 1 _aBarcelona, España :
_bVox,
_c[2004]
264 4 _c© 2004
300 _a711 Pag
_c;
336 _2rdacontent
_atexto
_btxt
337 _2rdamedia
_asin mediación
_bn
338 _2rdacarrier
_avolumen
_bnc
500 _aCon un apéndice gramatical por Manuel Fernández-Galiano
653 _aDiccionario
653 _aManual griego
942 _cBK
945 _aEstudiante
999 _c42495
_d42495